| 000 | 00931nam0a22002531 4500 | ||
|---|---|---|---|
| 001 | rc\514283 | ||
| 005 | 20030616164957.6 | ||
| 035 | _a(NLR Aleph) 005754063 | ||
| 090 |
_a4870489 _c4870489 |
||
| 100 | _a20030616d1987 u |0rusy50 ca | ||
| 101 | 0 | _arus | |
| 102 | _aRU | ||
| 105 | _aa ||||||||| | ||
| 200 | 1 |
_aОрден Желтого Дятла _eСказка _e[Для мл. шк. возраста] _fМонтейру Лобату _g[Пересказ с португ. И. Тыняновой _gХудож. В.С. Пощастьев] |
|
| 210 |
_aМинск _cЮнацтва _d1987 |
||
| 215 |
_a300, [1] с. _cил. _d21 |
||
| 225 | 1 | _aШкольная библиотека | |
| 700 | 1 |
_aМонтейру Лобату _bЖ. _f1882-1948 _gЖозе |
|
| 702 | 1 |
_aТынянова _bИ. Ю. _gИнна Юрьевна _4570 |
|
| 801 | 0 |
_aRU _bNLR _gpsbo |
|
| 801 | 1 |
_aRU _bELAR _2rusmarc |
|
| 852 |
_aNLR _j87-3/4711 |
||
| 942 | _cBOOK | ||
| 980 | _aNB | ||